Datum a čas kvízu

34 Celkem bodů Celkový počet nahraných bodů na tomto kvízu bez doplňovacích otázek.
3. Pořadí na kvízu Konečné umístění týmu na tomto kvízu.

Zaznamenané odpovědi

# Otázka Odpověď Body Výsledky
1. Které novinářské ocenění si v... Cenu Ferdinanda Peroutky 1
2. Jeden americký stát zasáhla vl... Florida 1
3. Vstup ke které římské památce... k fontáně di Trevi 1
4. Která fiktivní postava z fanta... B) Draco Malfoy 0
5. Ještě před slavnostním zahájen... vyčural nápis do sněhu 0
6. 17. února 1600 byl na Campo de... Giordano Bruno 0
7. 1. ledna 1700 jeden ruský car... Petr I. Veliký 1
8. Za kulatý letopočet budeme dne... Burgtheater 0
9. 16. listopadu 1900 se v Olomou... Eliška Junková 0
10. Od 15. září do 1. října 2000 s... Štěpánka Hilgertová; Sydney 0